000 00932nam a2200193 a 4500
008 090522s2000 xx |||||||||||||| || u
050 _aGOV.ZAM(02)2000/10
100 _aSenkwe, Barbara Kazimbaya
245 1 0 _aImprovement of refuse collection in Kitwe: a participatory approach
_cBarbara Kazimbaya Senkwe sponsored by SINPA for the Ministry of Local Government and Housing
260 _c2000
300 _aii, 86p.: ill.
350 _a0.00
490 _aSINPA research reports
650 _aREFUSE AND REFUSE DISPOSAL--KITWE--ZAMBIA
710 _aGovernment of the Republic of Zambia. Ministry of Local Government and Housing
710 _aGovernment of the Republic of Zambia (GRZ)
710 _aSupport for Implementation of National Plans of Action (SINPA)
995 _D0.00
_FCBU-MAIN LIBRARY (Kitwe)
_H1
_I0.00
_M1
_UAVAILABLE
_WMay 22, 2009
_ZZambiana Collection
999 _c46475
_d46475